000 00915nam a2200277 4500
001 26293
003 BD-RjUL
005 20211209051008.0
008 140322s1968 enk 000 1 eng
020 _a0370006569 (v. 1)
035 _a(BD-RjUL)26363
040 _aDLC
_cDLC
_dDLC
_dOCoLC
_dDLC
_dBD-RjUL
_beng
041 1 _aeng
_hrus
082 0 0 _a891.7344
_bSOC 1968
100 1 _aSolzhenit︠s︡yn, Aleksandr,
_d1918-2008.
_980843
245 1 0 _aCancer ward /
_cby Alexander Solzhenitsyn; Translated [from the Russian] by Nicholas Bethell and David Burg.
_nPart 1
260 _aLondon :
_bBodley Head,
_c1968.
300 _a338 P. ;
_c21 cm.
650 0 _aCancer
_xPatients
_vFiction.
_980844
651 0 _aSoviet Union
_vFiction.
_980845
655 7 _aPolitical fiction.
_2lcsh
_980848
655 7 _aMedical novels.
_2gsafd
_980849
942 _2ddc
_cBK
999 _c26293
_d26293